| 000 | 01310nam a22003134a 4500 | ||
|---|---|---|---|
| 001 | ebr10069868 | ||
| 003 | CaPaEBR | ||
| 006 | m u | ||
| 007 | cr cn||||||||| | ||
| 008 | 020826s2003 enkaf sb 001 0 eng | ||
| 010 | _z 2002031559 | ||
| 020 | _z0521807271 (hbk.) | ||
| 040 |
_aCaPaEBR _cCaPaEBR |
||
| 035 | _a(OCoLC)70735790 | ||
| 050 | 1 | 4 |
_aQP363.3 _b.M685 2003eb |
| 082 | 0 | 4 |
_a612.8 _221 |
| 245 | 0 | 0 |
_aPlasticity in the human nervous system _h[electronic resource] : _binvestigations with transcranial magnetic stimulation / _cedited by Simon Boniface and Ulf Ziemann. |
| 260 |
_aCambridge ; _aNew York : _bCambridge University Press, _c2003. |
||
| 300 |
_axii, 316 p., [8] p. of plates : _bill. (some col.). |
||
| 504 | _aIncludes bibliographical references and index. | ||
| 533 |
_aElectronic reproduction. _bPalo Alto, Calif. : _cebrary, _d2013. _nAvailable via World Wide Web. _nAccess may be limited to ebrary affiliated libraries. |
||
| 650 | 0 | _aNeuroplasticity. | |
| 650 | 0 | _aMagnetic brain stimulation. | |
| 655 | 7 |
_aElectronic books. _2local |
|
| 700 | 1 |
_aBoniface, Simon J., _d1964- |
|
| 700 | 1 | _aZiemann, Ulf. | |
| 710 | 2 | _aebrary, Inc. | |
| 856 | 4 | 0 |
_uhttp://site.ebrary.com/lib/rucke/Doc?id=10069868 _zAn electronic book accessible through the World Wide Web; click to view |
| 999 |
_c30171 _d30171 |
||